000 00282nam a22001337a 4500
008 170206b xxu||||| |||| 00| 0 eng d
020 _a0397543980
041 _aeng
080 _a61
100 _a3
101 _aSHM
245 _aPATIENT EDUCATION
_cSALLY RANKIN
942 _2udc
_cBK
999 _c4774
_d4774